00854nam a2200229 a 4500001001000000003000500010005001700015008004100032010001100073011001100084040000900095100002900104245017600133260004100309500006000350502008200410650002200492650001300514650001500527650001200542856007000554000111990CHAP20220329144240.0151113s2015 mx a fsm |||||||spa d a108451 a109423 cCHAP1 aCueto Espinosa, Eliobeth10aEstado ecológico del bosque de ribera y su relación con azolve en manglares en la cuenca Río Zanatenco, Tonalá, Chiapash[En línea]cpor Eliobeth Cueto Espinosa. aChapingo, Méx. :bEl autor,c2015. aPara ver el contenido del material haga clic en la liga aTesis (Ing. en Recyrsis Naturales Renovables) -- UACH. Departamento de Suelos14aBosqueszChiapas.14aCuencas.14aManglares.14aRíos. aFinding aiduhttp://10.13.5.2/tesis/sist111990.pdfzTeclea aquí